| 000 | 00744pam a2200253 a 4500 | ||
|---|---|---|---|
| 999 |
_c695 _d695 |
||
| 001 | 31 | ||
| 003 | BD-DhUAP | ||
| 005 | 20200126162419.0 | ||
| 008 | 200126s1985 nyu b 001 0 eng | ||
| 020 | _a0396086659 | ||
| 040 |
_aDLC _cBD-DhUAP _dBD-DhUAP _bEng |
||
| 082 | 0 | 0 |
_a305.40952 CON _223 |
| 100 | 1 | _aCondon, Jane. | |
| 245 | 1 | 2 |
_aA half step behind : _bJapanese women of the '80s / _cJane Condon. |
| 250 | _a1st ed. | ||
| 260 |
_aNew York : _bDodd, Mead & Com., _cc1985. |
||
| 300 |
_axii, 319 pages ; _c24 cm. |
||
| 504 | _aIncludes bibliography and index. | ||
| 650 | 0 |
_aFeminism _zJapan. |
|
| 650 | 0 |
_aWomen _zJapan _xSocial conditions. |
|
| 650 | 0 |
_aWomen _xEmployment _zJapan. |
|
| 650 | 0 |
_aWomen _zJapan _xAttitudes. |
|
| 942 |
_2ddc _cBK |
||